MARC

Tag First Indicator Second Indicator Subfields
LEADER 00000cam a2200000 a 4500
001 in00000087700
005 20151008062947.0
008 780105s1976 dcuk 00010 eng d
020 |c $8.00 
035 |a (OCoLC)03533704 
035 |9 AAK1288AM 
040 |a BAL  |c BAL  |d m.c.  |d TXA  |d UtOrBLW 
043 |a n-us--- 
049 |a TXAM  |c [1272662] 
090 |a KF5737 A65  |b H34 
100 1 |a Hamecs, Richard. 
245 1 0 |a Builders guide to HUD-FHA single family housing /  |c Richard Hamecs. 
264 1 |a Washington, D.C. :  |b National Association of Home Builders,  |c [1976] 
264 4 |c ©1976 
300 |a 153 pages :  |b forms ;  |c 28 cm. 
336 |a text  |b txt  |2 rdacontent 
337 |a unmediated  |b n  |2 rdamedia 
338 |a volume  |b nc  |2 rdacarrier 
500 |a "Prepared by NAHB's Builder Services Division." 
500 |a "National Housing Center library number 80.05." 
610 1 0 |a United States.  |b Department of Housing and Urban Development. 
610 1 0 |a United States.  |b Federal Housing Administration. 
650 0 |a Housing  |z United States  |x Finance. 
650 0 |a Housing  |z United States  |x Law and legislation. 
650 0 |a Mortgage loans  |z United States  |x Forms. 
650 0 |a Mortgage guarantee insurance  |z United States  |x Forms. 
710 2 |a National Association of Home Builders of the United States.  |b Builder Services Division. 
999 |a MARS 
999 f f |s 4c2218d5-877a-380f-8c64-c0c6196be254  |i c3238de8-e788-3d71-ba94-665e585b68f1  |t 0 
952 f f |p ric  |a Texas A&M University  |b Rellis Campus  |c Joint Library Facility  |d Remote Storage  |t 0  |e KF5737 A65 H34  |h Library of Congress classification  |i unmediated -- volume  |m A14805922018 
998 f f |a KF5737 A65 H34  |t 0  |l Remote Storage